000 00318nam a2200097Ia 4500
008 230907s9999||||xx |||||||||||||| ||und||
082 _a660.297,PHY
245 0 _aPhysical multiscale modeling and numerical simulation of electrochemical devices for energy conversion and storage/
300 _avii, 249 p.:
942 _cBK
999 _c597645
_d597645